Professional ethics in athletic training / (Record no. 99267)
[ view plain ]
| 000 -LEADER | |
|---|---|
| fixed length control field | 01044cam a2200313 a 4500 |
| 001 - CONTROL NUMBER | |
| control field | 14953807 |
| 003 - CONTROL NUMBER IDENTIFIER | |
| control field | URS |
| 005 - DATE AND TIME OF LATEST TRANSACTION | |
| control field | 20260326151013.0 |
| 008 - FIXED-LENGTH DATA ELEMENTS--GENERAL INFORMATION | |
| fixed length control field | 070806s2008 moua b 001 0 eng |
| 010 ## - LIBRARY OF CONGRESS CONTROL NUMBER | |
| LC control number | 2007934622 |
| 015 ## - NATIONAL BIBLIOGRAPHY NUMBER | |
| National bibliography number | GBA805554 |
| Source | bnb |
| 016 7# - NATIONAL BIBLIOGRAPHIC AGENCY CONTROL NUMBER | |
| Record control number | 014105592 |
| Source | Uk |
| 020 ## - INTERNATIONAL STANDARD BOOK NUMBER | |
| International Standard Book Number | 9780323040174 |
| Qualifying information | hbk. |
| 040 ## - CATALOGING SOURCE | |
| Original cataloging agency | UKM |
| Transcribing agency | UKM |
| Modifying agency | BTCTA |
| -- | BAKER |
| -- | BWX |
| -- | YDXCP |
| -- | URS |
| Language of cataloging | eng |
| Description conventions | rda |
| 050 14 - LIBRARY OF CONGRESS CALL NUMBER | |
| Classification number | GV711 |
| Item number | .Sch361 2008 |
| 100 1# - MAIN ENTRY--PERSONAL NAME | |
| Personal name | Schlabach, Gretchen A. |
| 245 10 - TITLE STATEMENT | |
| Title | Professional ethics in athletic training / |
| Statement of responsibility, etc. | by Gretchen A. Schlabach, Kimberly S. Peer. |
| 260 ## - PUBLICATION, DISTRIBUTION, ETC. | |
| Place of publication, distribution, etc. | |
| 264 #1 - PRODUCTION, PUBLICATION, DISTRIBUTION, MANUFACTURE, AND COPYRIGHT NOTICE | |
| Place of production, publication, distribution, manufacture | St. Louis, Mo. : |
| Name of producer, publisher, distributor, manufacturer | Mosby, |
| Date of production, publication, distribution, manufacture, or copyright notice | c2008. |
| 300 ## - PHYSICAL DESCRIPTION | |
| Extent | xxiii, 300 pages : |
| Other physical details | illustrations ; |
| Dimensions | 24 cm |
| 336 ## - CONTENT TYPE | |
| Content type term | text |
| Content type code | txt |
| Source | rdacontent |
| 337 ## - MEDIA TYPE | |
| Media type term | unmediated |
| Media type code | n |
| Source | rdamedia |
| 338 ## - CARRIER TYPE | |
| Carrier type term | volume |
| Carrier type code | nc |
| Source | rdacarrier |
| 500 ## - GENERAL NOTE | |
| General note | Includes index. |
| 504 ## - BIBLIOGRAPHY, ETC. NOTE | |
| Bibliography, etc. note | Includes bibliographical references and index. |
| 650 #0 - SUBJECT ADDED ENTRY--TOPICAL TERM | |
| Topical term or geographic name entry element | Coaches (Athletics) |
| General subdivision | Professional ethics. |
| 700 1# - ADDED ENTRY--PERSONAL NAME | |
| Personal name | Peer, Kimberly S. |
| 942 ## - ADDED ENTRY ELEMENTS (KOHA) | |
| Source of classification or shelving scheme | Library of Congress Classification |
| Koha item type | Foreign Books |
| Classification part | GV711 |
| Item part | .Sch361 2008 |
| Withdrawn status | Source of classification or shelving scheme | Damaged status | Not for loan | Home library | Current library | Shelving location | Date acquired | Total Checkouts | Full call number | Barcode | Date last seen | Price effective from | Koha item type |
|---|---|---|---|---|---|---|---|---|---|---|---|---|---|
| Library of Congress Classification | Angono College Library | Angono College Library | Foreign Section | 03/22/2026 | GV711 .Sch361 2008 | URSANG-3057 | 03/22/2026 | 03/22/2026 | Foreign Books |